Szczegóły MARC21

Nurkowanie w ratownictwie wodnym /

003 -Nazwa inst., której nr kontr. jest w polu 001 [,]
    • @
    • Nazwa instytucji, której n kontrolny jest w polu 001
    • NUKAT
005 -DATA I CZAS OSTATNIEJ MODYFIKACJI [,]
    • @
    • pole kontrolne
    • 20241231110301.0
020 -Międzynarod. znormalizowany nr książki - ISBN [ , ]
    • a
    • Numer ISBN
    • 9788364628160 Find
020 -Międzynarod. znormalizowany nr książki - ISBN [ , ]
    • a
    • Numer ISBN
    • 9788364628122 Find
040 -Instytucja sporządzająca opis [ , ]
    • a
    • Instytucja, która sporządziła opis (NP)
    • SZCZ M/RK
    • c
    • Instytucja, która sporządziła rekord (NP)
    • SZCZ M/RK
    • d
    • Instytucja, która zmodyfikowała rekord (P)
    • KR U/JAKs
942 -Rodzaj dokumentu [ , ]
    • c
    • Rodzaj dokumentu
    • Książka
100 -Hasło główne - nazwa osobowa [1, ]
    • a
    • Nazwa osobowa (NP)
    • Ostrowski, Andrzej
    • d
    • Daty biograficzne (NP)
    • (1955- ).
    • 9
    • KHW
    • 39702
245 -Strefa tytułu i oznaczenia odpowiedzialności [1,0]
    • a
    • Tytuł
    • Nurkowanie w ratownictwie wodnym / Find
    • c
    • Pozostałe elementy strefy tytułu i oznaczenia odpowiedzialności (NP)
    • Andrzej Ostrowski, Marek Strzała, Aleksander Skaliy.
260 -Strefa adresu wydawniczego [ , ]
    • a
    • Miejsce wydania (P)
    • Bydgoszcz :
    • b
    • Nazwa wydawcy (P)
    • Wydawnictwo Uczelniane Wyższej Szkoły Gospodarki,
    • c
    • Data wydania (P)
    • 2015.
300 -Strefa opisu fizycznego [ , ]
    • a
    • Określenie formy książki i/lub objętość (NP)
    • 222 s. :
    • b
    • Oznaczenie ilustracji (NP)
    • il. ;
    • c
    • Format (NP)
    • 25 cm.
336 -Typ zawartości [ , ]
    • a
    • Termin opisujący typ zawartości
    • Tekst
    • b
    • Kod określający zawartość
    • txt
    • 2
    • Źródło (terminu i kodu)
    • rdacontent
337 -Typ mediów [ , ]
    • a
    • Tryb odtwarzania
    • Bez urządzenia pośredniczącego
    • b
    • Kod typu mediów
    • n
    • 2
    • Źródło (terminu i kodu)
    • rdamedia
338 -Typ/rodzaj nośnika [ , ]
    • a
    • Hasło opisujące typ nośnika
    • Wolumin
    • b
    • Kod typu nośnika
    • nc
    • 2
    • Źródło (terminu i kodu)
    • rdacarrier
500 -Uwaga ogólna [ , ]
    • a
    • Uwaga ogólna (NP)
    • W dok. podano ISBN 978-83-64628-12-2, związany z innym tytułem. Poprawny ISBN dla tej pozycji na naklejce.
504 -Uwaga dot. bibliogr. załącznikowej [ , ]
    • a
    • Uwaga dot. bibliografii załącznikowej
    • Bibliogr. s. 221-222.
650 -Hasło przedmiotowe [ ,7]
    • a
    • Hasło przedmiotowe
    • Nurkowanie
    • x
    • Określnik rzeczowy
    • środki bezpieczeństwa.
    • 2
    • Źródło terminu
    • kaba
    • 9
    • KHW
    • 456983
700 -Hasło dodatkowe - nazwa osobowa [1, ]
    • a
    • Nazwa osobowa (NP)
    • Skalìj, Oleksandr V'âčeslavovič. Find
    • 9
    • KHW
    • 457041
700 -Hasło dodatkowe - nazwa osobowa [1, ]
    • a
    • Nazwa osobowa (NP)
    • Strzała, Marek Find
    • c
    • Dopowiedzenie inne niż daty biograficzne (NP)
    • (sporty wodne).
    • 9
    • KHW
    • 457042
710 -Hasło dodatkowe - nazwa ciała zbiorowego [2, ]
    • a
    • Nazwa ciała zbiorowego lub nazwa geograficzna jako pierwszy element (NP)
    • Wyższa Szkoła Gospodarki (Bydgoszcz).
    • b
    • Nazwa jednostki podrzędnej (P)
    • Wydawnictwo Uczelniane.
    • 4
    • Kod relacji
    • pbl
    • 9
    • KHW
    • 396005
920 -ISBN [ , ]
    • a
    • ISBN
    • 978-83-64628-16-0 Find
920 -ISBN [ , ]
    • a
    • ISBN
    • 978-83-64628-12-2 Find
Data inwentaryzacji Status udost. Lokalizacja Sygnatura Numer inwentarzowy
2022-09-191BG Z.126054
2018-06-081BMRatownictwo wodne 14WF.10188